| 000 | 00513nam a22001457a 4500 | ||
|---|---|---|---|
| 027 | _qHard Cover. | ||
| 040 | _cSINES-NUST. | ||
| 082 |
_a570.2 _bFAT |
||
| 100 |
_aSameen Fatima _997544 |
||
| 245 |
_aStructural Evaluation and Interaction of Spike Protein of SARS-COV-2 with Different Protein of Homo Sapiens: _bA Perspective to Evaluate the hidden Pathology / _cFatima, Sameen |
||
| 260 |
_aIslamabad: _bSINES-NUST, _c2022. |
||
| 300 |
_a103 p.: _bill. ; _c30cm. |
||
| 650 | _xMS-Bioinformatics | ||
| 942 |
_2ddc _cTHE |
||
| 999 |
_c591097 _d591097 |
||